| 000 | 00656nam a2200145Ia 4500 | ||
|---|---|---|---|
| 008 | 151213s9999 xx 000 0 und d | ||
| 100 | _aশাহরিয়ার জিয়াউর রহমান বুলবুল। | ||
| 245 |
_aএকুশ দেখেছি। _cশাহরিয়ার জিয়াউর রহমান বুলবুল। |
||
| 260 |
_aঢাকা _bশিল্প সাহিত্য ভান্ডার। _c1994 |
||
| 300 | _a8819 p. | ||
| 650 | _aBangla | ||
| 650 | _aকবিতা। | ||
| 700 | _aশাহরিয়ার জিয়াউর রহমান বুলবুল। | ||
| 999 |
_c4604 _d4604 |
||